House detectives (Record no. 71598)

MARC details
000 -LEADER
fixed length control field 01223cam a2200229 4500
001 - CONTROL NUMBER
control field ABS66159
008 - FIXED-LENGTH DATA ELEMENTS--GENERAL INFORMATION
fixed length control field 021120n2002 000 0 eng u
035 ## - SYSTEM CONTROL NUMBER
System control number (Sirsi) u120515
100 ## - MAIN ENTRY--PERSONAL NAME
Personal name Cronin, S
245 ## - TITLE STATEMENT
Title House detectives
260 ## - PUBLICATION, DISTRIBUTION, ETC.
Date of publication, distribution, etc. 2002
490 ## - SERIES STATEMENT
Series statement Estates Gazette
Volume/sequential designation (0245) 9 November 2002, 50-51
520 ## - SUMMARY, ETC.
Summary, etc. Reports on the fight to catch corrupt landlords who are cheating the benefit system out of £2bn a year. Explains how difficult it is to catch these fraudsters if they move to another area of the country or in London, between boroughs. The Benefit Fraud Office is very concerned about government scams and there are parts of its report on Brighton Council in 2000 that are blanked out as the information may be too useful to criminals. Argues that although a criminal conviction in fraud cases is often difficult, more cooperation between different anti-fraud teams using data-matching techniques is becoming more effective against highly organised gangs.
590 ## - LOCAL NOTE (RLIN)
Local note ABS
650 ## - SUBJECT ADDED ENTRY--TOPICAL TERM
Topical term or geographic name entry element BENEFIT FRAUD
650 ## - SUBJECT ADDED ENTRY--TOPICAL TERM
Topical term or geographic name entry element AUDIT COMMISSION
650 ## - SUBJECT ADDED ENTRY--TOPICAL TERM
Topical term or geographic name entry element HOUSING BENEFIT SYSTEM
650 ## - SUBJECT ADDED ENTRY--TOPICAL TERM
Topical term or geographic name entry element LONDON BOROUGHS
650 ## - SUBJECT ADDED ENTRY--TOPICAL TERM
Topical term or geographic name entry element GREENWICH LBC
690 ## - LOCAL SUBJECT ADDED ENTRY--TOPICAL TERM (OCLC, RLIN)
Topical term or geographic name as entry element PROPERTY-LANDLORD AND TENANT
942 ## - ADDED ENTRY ELEMENTS (KOHA)
Suppress in OPAC 0
Holdings
Withdrawn status Lost status Source of classification or shelving scheme Damaged status Not for loan Home library Current library Shelving location Date acquired Total Checkouts Full call number Barcode Date last seen Copy number Price effective from Koha item type
    Dewey Decimal Classification     London London Journals 20/11/2002   ABS66159 120515-1001 06/08/2019 1 06/08/2019 Journal article